| 000 | 00768nam a2200229 a 4500 | ||
|---|---|---|---|
| 001 | 13906 | ||
| 003 | BD-JhCC | ||
| 005 | 20240514105351.0 | ||
| 008 | 240514b20042014b |||| ||a| 000 0 b d | ||
| 020 | _a9844584566 | ||
| 035 | _a(BD-JhCC)13906 | ||
| 040 |
_aBD-JhCC _dBD-JhCC |
||
| 041 | _abengali | ||
| 082 |
_a954.205 _bRAS 2014 |
||
| 100 | _aরশীদ ,আসিফ | ||
| 245 |
_aবাংলাদেশের মুক্তিযুদ্ধে মার্কিন ভূমিকার গোপন দলিল / _cআসিফ রশীদ । |
||
| 260 |
_aঢাকা: _bসময় প্রকাশন; _c2014. |
||
| 300 |
_a88 p. : _c22 cm. |
||
| 650 |
_aBangladesh in History _zResearch and Statistics |
||
| 942 |
_2ddc _cBK |
||
| 999 |
_c13906 _d13906 |
||